<?xml version="1.0" encoding="UTF-8"?>
<record
    xmlns:xsi="http://www.w3.org/2001/XMLSchema-instance"
    xsi:schemaLocation="http://www.loc.gov/MARC21/slim http://www.loc.gov/standards/marcxml/schema/MARC21slim.xsd"
    xmlns="http://www.loc.gov/MARC21/slim">

  <leader>00893nam a22002417a 4500</leader>
  <datafield tag="999" ind1=" " ind2=" ">
    <subfield code="c">186929</subfield>
    <subfield code="d">186929</subfield>
  </datafield>
  <controlfield tag="005">20220429151632.0</controlfield>
  <datafield tag="010" ind1=" " ind2=" ">
    <subfield code="a">ENG-132092-96</subfield>
  </datafield>
  <datafield tag="020" ind1=" " ind2=" ">
    <subfield code="a">9780190126827</subfield>
    <subfield code="c">1999.00</subfield>
  </datafield>
  <datafield tag="020" ind1=" " ind2=" ">
    <subfield code="a">9780190126834</subfield>
    <subfield code="c">1999.00</subfield>
  </datafield>
  <datafield tag="020" ind1=" " ind2=" ">
    <subfield code="a">9780190126841</subfield>
    <subfield code="c">1999.00</subfield>
  </datafield>
  <datafield tag="020" ind1=" " ind2=" ">
    <subfield code="a">9780190127886</subfield>
    <subfield code="c">1999.00</subfield>
  </datafield>
  <datafield tag="020" ind1=" " ind2=" ">
    <subfield code="a">9780190127893</subfield>
    <subfield code="c">1999.00</subfield>
  </datafield>
  <datafield tag="035" ind1=" " ind2=" ">
    <subfield code="a">EN-115624-28</subfield>
  </datafield>
  <datafield tag="037" ind1=" " ind2=" ">
    <subfield code="b">DBAD/PUB</subfield>
  </datafield>
  <datafield tag="082" ind1=" " ind2=" ">
    <subfield code="a">954.03</subfield>
  </datafield>
  <datafield tag="245" ind1=" " ind2=" ">
    <subfield code="a">B.R. Ambedkar:</subfield>
    <subfield code="b">The Quest For Justice Religious and cultural Justics/</subfield>
    <subfield code="c">Edited by Aakash Singh Rathore</subfield>
  </datafield>
  <datafield tag="260" ind1=" " ind2=" ">
    <subfield code="a">New Delhi</subfield>
    <subfield code="b">Oxford University Press</subfield>
    <subfield code="c">2021</subfield>
  </datafield>
  <datafield tag="270" ind1=" " ind2=" ">
    <subfield code="a">22 Workspace, 2nd Floor, 1/22, Asaf Ali Road</subfield>
    <subfield code="b">New Delhi</subfield>
    <subfield code="e">110002</subfield>
  </datafield>
  <datafield tag="300" ind1=" " ind2=" ">
    <subfield code="a">xxiii, 284p (V1), xxxvii, 315p (V2), xxxv, 278p (V3), xli, 259p., (V4), xxix, 288p. (V5)</subfield>
    <subfield code="b">Index</subfield>
    <subfield code="c">23cm(hbk)</subfield>
  </datafield>
  <datafield tag="500" ind1=" " ind2=" ">
    <subfield code="a">Volume 1 to 5</subfield>
  </datafield>
  <datafield tag="700" ind1=" " ind2=" ">
    <subfield code="a">Rathore, Aakash Singh</subfield>
  </datafield>
  <datafield tag="942" ind1=" " ind2=" ">
    <subfield code="2">ddc</subfield>
    <subfield code="c">EN</subfield>
    <subfield code="m">AMB</subfield>
    <subfield code="h">954.035</subfield>
  </datafield>
  <datafield tag="952" ind1=" " ind2=" ">
    <subfield code="0">0</subfield>
    <subfield code="1">0</subfield>
    <subfield code="3">VOLUME 1</subfield>
    <subfield code="4">0</subfield>
    <subfield code="7">0</subfield>
    <subfield code="8">NFIC</subfield>
    <subfield code="a">BL1</subfield>
    <subfield code="b">BL1</subfield>
    <subfield code="d">2022-03-23</subfield>
    <subfield code="e">DBAD/PUB</subfield>
    <subfield code="g">1999.00</subfield>
    <subfield code="l">5</subfield>
    <subfield code="m">2</subfield>
    <subfield code="o">954.035 AMB</subfield>
    <subfield code="p">EN-115624</subfield>
    <subfield code="r">2025-04-16 00:00:00</subfield>
    <subfield code="s">2025-04-01</subfield>
    <subfield code="t">1</subfield>
    <subfield code="v">1999.00</subfield>
    <subfield code="y">EN</subfield>
  </datafield>
  <datafield tag="952" ind1=" " ind2=" ">
    <subfield code="0">0</subfield>
    <subfield code="1">0</subfield>
    <subfield code="3">VOLUME 2</subfield>
    <subfield code="4">0</subfield>
    <subfield code="7">0</subfield>
    <subfield code="8">NFIC</subfield>
    <subfield code="a">BL1</subfield>
    <subfield code="b">BL1</subfield>
    <subfield code="d">2022-03-23</subfield>
    <subfield code="e">DBAD/PUB</subfield>
    <subfield code="g">1999.00</subfield>
    <subfield code="l">2</subfield>
    <subfield code="m">2</subfield>
    <subfield code="o">954.035 AMB</subfield>
    <subfield code="p">EN-115625</subfield>
    <subfield code="r">2023-06-16 00:00:00</subfield>
    <subfield code="s">2023-04-24</subfield>
    <subfield code="t">1</subfield>
    <subfield code="v">1999.00</subfield>
    <subfield code="y">EN</subfield>
  </datafield>
  <datafield tag="952" ind1=" " ind2=" ">
    <subfield code="0">0</subfield>
    <subfield code="1">0</subfield>
    <subfield code="3">VOLUME 3</subfield>
    <subfield code="4">0</subfield>
    <subfield code="7">0</subfield>
    <subfield code="8">NFIC</subfield>
    <subfield code="a">BL1</subfield>
    <subfield code="b">BL1</subfield>
    <subfield code="d">2022-03-23</subfield>
    <subfield code="e">DBAD/PUB</subfield>
    <subfield code="g">1999.00</subfield>
    <subfield code="l">1</subfield>
    <subfield code="m">2</subfield>
    <subfield code="o">954.035 AMB</subfield>
    <subfield code="p">EN-115626</subfield>
    <subfield code="r">2024-11-20 00:00:00</subfield>
    <subfield code="s">2024-10-11</subfield>
    <subfield code="t">1</subfield>
    <subfield code="v">1999.00</subfield>
    <subfield code="y">EN</subfield>
  </datafield>
  <datafield tag="952" ind1=" " ind2=" ">
    <subfield code="0">0</subfield>
    <subfield code="1">0</subfield>
    <subfield code="3">VOLUME 4</subfield>
    <subfield code="4">0</subfield>
    <subfield code="7">0</subfield>
    <subfield code="8">NFIC</subfield>
    <subfield code="a">BL1</subfield>
    <subfield code="b">BL1</subfield>
    <subfield code="d">2022-03-23</subfield>
    <subfield code="e">DBAD/PUB</subfield>
    <subfield code="g">1999.00</subfield>
    <subfield code="l">1</subfield>
    <subfield code="o">954.035 AMB</subfield>
    <subfield code="p">EN-115627</subfield>
    <subfield code="r">2023-01-13 00:00:00</subfield>
    <subfield code="s">2023-01-13</subfield>
    <subfield code="t">1</subfield>
    <subfield code="v">1999.00</subfield>
    <subfield code="y">EN</subfield>
  </datafield>
  <datafield tag="952" ind1=" " ind2=" ">
    <subfield code="0">0</subfield>
    <subfield code="1">0</subfield>
    <subfield code="3">VOLUME 5</subfield>
    <subfield code="4">0</subfield>
    <subfield code="7">0</subfield>
    <subfield code="8">NFIC</subfield>
    <subfield code="a">BL1</subfield>
    <subfield code="b">BL1</subfield>
    <subfield code="d">2022-03-23</subfield>
    <subfield code="e">DBAD/PUB</subfield>
    <subfield code="g">1999.00</subfield>
    <subfield code="l">1</subfield>
    <subfield code="o">954.035 AMB</subfield>
    <subfield code="p">EN-115628</subfield>
    <subfield code="r">2023-03-20 00:00:00</subfield>
    <subfield code="s">2023-03-02</subfield>
    <subfield code="t">1</subfield>
    <subfield code="v">1999.00</subfield>
    <subfield code="y">EN</subfield>
  </datafield>
</record>
